[Event "Santa Maria di Sala op-A 29th"]
[Site "Santa Maria di Sala"]
[Date "2022.12.10"]
[Round "5"]
[White "Cappelletto, Joshuaede"]
[Black "Covello, Danilo"]
[Result "1/2-1/2"]
[WhiteElo "2263"]
[BlackElo "2073"]
[PlyCount "47"]
[EventDate "2022.12.09"]
[EventType "swiss"]
[EventRounds "5"]
[EventCountry "ITA"]
[SourceTitle "EXT 2024"]
[Source "ChessBase"]
[SourceDate "2023.10.10"]
[SourceVersion "1"]
[SourceVersionDate "2023.10.10"]
[SourceQuality "1"]

1. e4 c6 2. d4 d5 3. e5 Bf5 4. h4 Qb6 5. Nc3 a6 6. h5 h6 7. Bd3 Bxd3 8. Qxd3 e6 9. Be3 Nd7 10. 0-0-0 Ne7 11. f4 Qa5 12. Kb1 c5 13. dxc5 0-0-0 14. g4 Nc6 15. Nf3 Bxc5 16. Bxc5 Nxc5 17. Qe3 Kb8 18. Nd4 Nxd4 19. Qxd4 Qc7 20. a3 Rc8 21. Rd2 Nd7 22. Rg1 Qb6 23. Qxb6 Nxb6 24. Ne2 1/2-1/2

[Event "Torino-ch sf"]
[Site "Torino"]
[Date "2016.05.09"]
[Round "2"]
[White "Mantovan, Giuseppe"]
[Black "Covello, Danilo"]
[Result "1-0"]
[WhiteElo "1795"]
[BlackElo "2077"]
[PlyCount "65"]
[EventDate "2016.05.02"]
[EventType "swiss"]
[EventRounds "7"]
[EventCountry "ITA"]
[SourceTitle "EXT 2018"]
[Source "ChessBase"]
[SourceDate "2017.10.13"]
[SourceVersion "1"]
[SourceVersionDate "2017.10.13"]
[SourceQuality "1"]

1. d4 Nf6 2. c4 e6 3. Nc3 Bb4 4. Bg5 d5 5. e3 0-0 6. a3 Be7 7. Nf3 b6 8. cxd5 exd5 9. Bd3 Be6 10. Qc2 h6 11. Bh4 c5 12. 0-0 Qc8 13. Qe2 Nc6 14. Ba6 Qb8 15. Bg3 Bd6 16. dxc5 bxc5 17. Qb5 Bxg3 18. hxg3 Qxb5 19. Bxb5 Rac8 20. Bxc6 Rxc6 21. Rfc1 Rb8 22. Na4 Ne4 23. b4 c4 24. Nc3 Nxc3 25. Rxc3 Ra6 26. Rac1 Ra4 27. Nd4 Rb6 28. f3 a5 29. bxa5 Rxa5 30. g4 Kf8 31. Kh2 Ke7 32. Kg3 Rb2 33. Nc6+ 1-0

[Event "Torino-ch sf"]
[Site "Torino"]
[Date "2015.06.08"]
[Round "6"]
[White "Covello, Danilo"]
[Black "Manino, Edoardo"]
[Result "1-0"]
[WhiteElo "1988"]
[BlackElo "1965"]
[PlyCount "95"]
[EventDate "2015.05.04"]
[EventType "swiss"]
[EventRounds "7"]
[EventCountry "ITA"]
[SourceTitle "EXT 2017"]
[Source "ChessBase"]
[SourceDate "2016.10.25"]
[SourceVersion "1"]
[SourceVersionDate "2016.10.25"]
[SourceQuality "1"]

1. c4 e6 2. g3 d5 3. Bg2 Nf6 4. Nf3 Be7 5. 0-0 0-0 6. b3 d4 7. Bb2 c5 8. b4 Qb6 9. a3 Nbd7 10. Qc2 e5 11. bxc5 Bxc5 12. d3 Qc7 13. Nbd2 Rb8 14. Nb3 b6 15. a4 Bb7 16. a5 Rfd8 17. Bc1 h6 18. Bd2 Ra8 19. Ra2 Nf8 20. Nxc5 Qxc5 21. Rb1 e4 22. Rb5 Qc8 23. Nh4 Bc6 24. Re5 Ng4 25. Bh3 Qc7 26. Rf5 g6 27. Bxg4 gxf5 28. Nxf5 Ng6 29. h4 Re8 30. h5 Ne5 31. Nxh6+ Kh8 32. Bf4 exd3 33. exd3 bxa5 34. Qd2 Rab8 35. Ra1 f6 36. Bxe5 fxe5 37. Nf5 Qh7 38. Qg5 Rf8 39. Ne7 Rb6 40. Ng6+ Kg8 41. Be6+ Kg7 42. Nxe5+ Kh8 43. Ng6+ Kg7 44. Nxf8+ Kxf8 45. Qf6+ Ke8 46. Re1 Qe7 47. Bf7+ Kd8 48. Qxe7+ 1-0

[Event "Torino-ch sf"]
[Site "Torino"]
[Date "2015.05.25"]
[Round "4"]
[White "Covello, Danilo"]
[Black "Fassio, Luca"]
[Result "1-0"]
[WhiteElo "1988"]
[BlackElo "2037"]
[PlyCount "85"]
[EventDate "2015.05.04"]
[EventType "swiss"]
[EventRounds "7"]
[EventCountry "ITA"]
[SourceTitle "EXT 2017"]
[Source "ChessBase"]
[SourceDate "2016.10.25"]
[SourceVersion "1"]
[SourceVersionDate "2016.10.25"]
[SourceQuality "1"]

1. c4 g6 2. g3 Bg7 3. Bg2 e5 4. Nc3 Ne7 5. Nf3 0-0 6. 0-0 d6 7. d4 exd4 8. Nxd4 Nbc6 9. e3 Bd7 10. b3 Qc8 11. Bb2 Bh3 12. Rc1 Bxg2 13. Kxg2 f5 14. Nd5 Qd7 15. Qd2 Ne5 16. Nf4 Rfe8 17. Rfd1 N7c6 18. Nxc6 bxc6 19. Bxe5 Bxe5 20. Nd3 Bf6 21. Qa5 Qe7 22. Kg1 Bg5 23. Rc2 c5 24. b4 cxb4 25. Nxb4 c5 26. Nd5 Qe4 27. Qa4 Rab8 28. Rcd2 Rb1 29. h4 Rxd1+ 30. Rxd1 Bd8 31. Qd7 Bxh4 32. Nc3 Qe7 33. Rxd6 Qxd7 34. Rxd7 Bf6 35. Nd5 Bg7 36. Rxa7 Rb8 37. a4 h5 38. a5 Rb1+ 39. Kg2 Rc1 40. a6 Rxc4 41. Re7 Ra4 42. a7 Bf8 43. Nf6+ 1-0

[Event "Rome Accademia Primavera op"]
[Site "Rome"]
[Date "2011.04.02"]
[Round "4"]
[White "Maddaloni, Giovanni"]
[Black "Covello, Danilo"]
[Result "0-1"]
[WhiteElo "1827"]
[BlackElo "1455"]
[PlyCount "78"]
[EventDate "2011.04.01"]
[EventType "swiss"]
[EventRounds "5"]
[EventCountry "ITA"]
[SourceTitle "EXT 2023"]
[Source "ChessBase"]
[SourceDate "2022.10.05"]
[SourceVersion "1"]
[SourceVersionDate "2022.10.05"]
[SourceQuality "1"]

1. e4 e6 2. d4 d5 3. Nc3 Nf6 4. e5 Nfd7 5. f4 c5 6. Nce2 Nc6 7. Nf3 Qc7 8. c3 b5 9. h4 Bb7 10. Be3 a5 11. Rh3 b4 12. Rc1 Qb6 13. g4 Ba6 14. Ng3 Bxf1 15. Kxf1 c4 16. Rh2 0-0-0 17. Bg1 Be7 18. Ng5 Rdf8 19. b3 Qa6 20. cxb4 axb4 21. bxc4 dxc4 22. N3e4 Nb6 23. Nc5 Bxc5 24. dxc5 Nd5 25. Ne4 c3+ 26. Qe2 Qxe2+ 27. Kxe2 Nxf4+ 28. Ke3 Nd5+ 29. Kf2 Kd7 30. Nd6 Ra8 31. Kf3 Nxe5+ 32. Kg3 f6 33. g5 Raf8 34. Rf1 fxg5 35. Rxf8 Rxf8 36. Bd4 Rf3+ 37. Kg2 Nf4+ 38. Kg1 Ng4 39. Rc2 Rd3 0-1

[Event "Rome ASR op"]
[Site "Rome"]
[Date "2010.10.08"]
[Round "5"]
[White "Covello, Danilo"]
[Black "Di Mauro, Giuseppe"]
[Result "0-1"]
[WhiteElo "1410"]
[BlackElo "1946"]
[PlyCount "86"]
[EventDate "2010.09.16"]
[EventType "swiss"]
[EventRounds "5"]
[EventCountry "ITA"]
[SourceTitle "EXT 2024"]
[Source "ChessBase"]
[SourceDate "2023.10.10"]
[SourceVersion "1"]
[SourceVersionDate "2023.10.10"]
[SourceQuality "1"]

1. d4 Nf6 2. c4 e6 3. Nc3 Bb4 4. Qc2 c5 5. Nf3 Nc6 6. dxc5 Bxc5 7. Bf4 d6 8. Rd1 Qe7 9. a3 a5 10. Nb5 e5 11. Bg5 Bg4 12. Bxf6 gxf6 13. Nh4 Nd4 14. Nxd4 Bxd4 15. Rb1 Qd7 16. e3 Bb6 17. Bd3 Be6 18. a4 Rc8 19. b3 d5 20. c5 Kf8 21. Bb5 Qc7 22. 0-0 Bxc5 23. Rfc1 Qb6 24. Qe2 Ke7 25. Qf3 d4 26. Nf5+ Bxf5 27. Qxf5 Rcd8 28. exd4 Bxd4 29. Rc4 Bc5 30. Rbc1 Rd4 31. Kf1 Rhd8 32. Qxh7 Rd1+ 33. Rxd1 Rxd1+ 34. Ke2 Ra1 35. f3 Bg1 36. Qh6 Qf2+ 37. Kd3 Rd1+ 38. Ke4 Qxg2 39. Rc7+ Kd8 40. Rxf7 Rd4+ 41. Kf5 Qxf3+ 42. Kg6 Rg4+ 43. Kh7 Qe4+ 0-1